5HLuxD.jpg

KING HENRY VIII SENIOR AND PRIMARY SCHOOL LIBRARY OPAC

Ghost alley / (Record no. 6071)

000 -LEADER
fixed length control field 01239cam a22003257i 4500
001 - CONTROL NUMBER
control field 18441285
003 - CONTROL NUMBER IDENTIFIER
control field OSt
005 - DATE AND TIME OF LATEST TRANSACTION
control field 20260204135848.0
008 - FIXED-LENGTH DATA ELEMENTS--GENERAL INFORMATION
fixed length control field 141127s2014 bg b 000 0 eng
010 ## - LIBRARY OF CONGRESS CONTROL NUMBER
LC control number 2014360369
020 ## - INTERNATIONAL STANDARD BOOK NUMBER
International Standard Book Number 9789849079279
025 ## - OVERSEAS ACQUISITION NUMBER
Overseas acquisition number B-E-2014-360369; 11
035 ## - SYSTEM CONTROL NUMBER
System control number 18441285
035 ## - SYSTEM CONTROL NUMBER
System control number (MFDhaka)2014360369
037 ## - SOURCE OF ACQUISITION
Source of stock number/acquisition Library of Congress -- New Delhi Overseas Office
040 ## - CATALOGING SOURCE
Original cataloging agency DLC
Language of cataloging eng
Description conventions rda
Transcribing agency DLC
Modifying agency DLC
-- KH8
042 ## - AUTHENTICATION CODE
Authentication code lcode
082 ## - DEWEY DECIMAL CLASSIFICATION NUMBER
Classification number FIC JAH
100 1# - MAIN ENTRY--PERSONAL NAME
Personal name Jahangir, Javed,
Relator term author.
245 10 - TITLE STATEMENT
Title Ghost alley /
Statement of responsibility, etc. a novel by Javed Jahangir.
250 ## - EDITION STATEMENT
Edition statement First edition.
264 #1 - PRODUCTION, PUBLICATION, DISTRIBUTION, MANUFACTURE, AND COPYRIGHT NOTICE
Place of production, publication, distribution, manufacture Dhaka :
Name of producer, publisher, distributor, manufacturer Bengal Publications,
Date of production, publication, distribution, manufacture, or copyright notice 2014.
300 ## - PHYSICAL DESCRIPTION
Extent 313 pages :
Other physical details maps ;
Dimensions 20 cm
336 ## - CONTENT TYPE
Content type term text
Content type code txt
Source rdacontent
337 ## - MEDIA TYPE
Media type term unmediated
Media type code n
Source rdamedia
338 ## - CARRIER TYPE
Carrier type term volume
Carrier type code nc
Source rdacarrier
520 ## - SUMMARY, ETC.
Summary, etc. Ludo is a 12 year old misfit who lives with his mother, aunts, and mad grandmother, Suraya. When Suraya's half-sister, the blind Nadira, comes to their house seeking silent revenge for unknown past crimes, Ludo's world begins to unravel. He needs to piece together his grandmother's unexpected story to save her, and ultimately himself.
650 ## - SUBJECT ADDED ENTRY--TOPICAL TERM
Topical term or geographic name entry element Revenge
Form subdivision fiction
942 ## - ADDED ENTRY ELEMENTS (KOHA)
Source of classification or shelving scheme
Koha item type Books - Fiction
Holdings
Withdrawn status Lost status Source of classification or shelving scheme Damaged status Not for loan Collection code Permanent Location Current Location Shelving location Date acquired Full call number Barcode Date last seen Price effective from Koha item type
          Fiction KH8 Senior School Library KH8 Senior School Library Fiction 2026-02-04 FIC JAH 3KHSL000102612 2026-02-04 2026-02-04 Books - Fiction

Powered By KH8 IT Dept